Sports Quiz

Random Sports or NFL Quiz

NFL Team Trios Quiz Stats

 Plays Quiz Updated Sep 28, 2017

Challenge
Share
Tweet
Embed
Score 0/6 Timer 00:30
11 Plays Today
% Correct
Patriots
83.1%
Panthers
76.9%
Seahawks
75.7%
Steelers
73.5%
Saints
72.1%
Packers
67.4%

You're not logged in!

Compare scores with friends on all Sporcle quizzes.
OR
Log In

You Might Also Like...

Show Comments

Extras

Top Quizzes Today


Score Distribution

Your Account Isn't Verified!

In order to create a playlist on Sporcle, you need to verify the email address you used during registration. Go to your Sporcle Settings to finish the process.

Report this User

Report this user for behavior that violates our Community Guidelines.

Details: